[Event "CAN-op"]
[Site "Edmonton CAN"]
[Date "2005.07.09"]
[Round "1.22"]
[White "Lawson, Eric"]
[Black "Me, Kevin"]
[Result "1-0"]
[WhiteElo "2373"]
[BlackElo "1737"]
[PlyCount "51"]
[EventDate "2005.07.09"]
[EventType "swiss"]
[EventRounds "10"]
[EventCountry "CAN"]

1. d4 Nf6 2. Bg5 Ne4 3. Bf4 d5 4. e3 e6 5. Bd3 Nf6 6. Nf3 c5 7. c3 Nc6 8. Nbd2
Bd7 9. h3 a6 10. O-O b5 11. Re1 cxd4 12. exd4 Qb6 13. Ne5 Be7 14. b4 Rc8 15.
Nb3 h6 16. Nxd7 Kxd7 17. a4 Ra8 18. axb5 axb5 19. Qe2 Rxa1 20. Rxa1 Na7 21.
Nc5+ Bxc5 22. dxc5 Qb7 23. Qa2 Ra8 24. Qa6 Qxa6 25. Rxa6 Kc8 26. Bxb5 1-0

[Event "CAN-op"]
[Site "Edmonton CAN"]
[Date "2005.07.10"]
[Round "2.22"]
[White "Lauritson, Jim"]
[Black "Lawson, Eric"]
[Result "0-1"]
[WhiteElo "1910"]
[BlackElo "2373"]
[PlyCount "96"]
[EventDate "2005.07.09"]
[EventType "swiss"]
[EventRounds "10"]
[EventCountry "CAN"]

1. e4 c5 2. Nf3 Nc6 3. d4 cxd4 4. Nxd4 Nf6 5. Nc3 e5 6. Ndb5 d6 7. Bg5 a6 8.
Na3 b5 9. Bxf6 gxf6 10. Nd5 Bg7 11. c3 f5 12. exf5 Bxf5 13. Nc2 Be6 14. g3 O-O
15. Bg2 a5 16. O-O Rb8 17. Qd2 f5 18. Rad1 Qd7 19. Nde3 Rfd8 20. Nd5 Kh8 21. b3
e4 22. Qe3 Qf7 23. Nf4 a4 24. Nxe6 Qxe6 25. Nd4 Bxd4 26. cxd4 d5 27. Rd2 a3 28.
Bh3 b4 29. f3 Qg6 30. fxe4 fxe4 31. Rf5 Rf8 32. Rxd5 Rf3 33. Qg5 Qxg5 34. Rxg5
e3 35. Bg2 exd2 36. Bxf3 Nxd4 37. Bd1 Rb5 38. Rg4 Rd5 39. Kf2 Nb5 40. Rxb4 Nc3
41. Bc2 d1=Q 42. Bxd1 Rxd1 43. Rc4 Rd3 44. Rc8+ Kg7 45. Ra8 Rd2+ 46. Kf3 Rxa2
47. b4 Ra1 48. Ra5 a2 0-1

[Event "CAN-op"]
[Site "Edmonton CAN"]
[Date "2005.07.10"]
[Round "3.22"]
[White "Lawson, Eric"]
[Black "Blum, Roger"]
[Result "1-0"]
[WhiteElo "2373"]
[BlackElo "1618"]
[PlyCount "73"]
[EventDate "2005.07.09"]
[EventType "swiss"]
[EventRounds "10"]
[EventCountry "CAN"]

1. d4 Nf6 2. Bg5 e6 3. e4 h6 4. Bxf6 Qxf6 5. Qd2 Nc6 6. e5 Nxe5 7. dxe5 Qxe5+
8. Kd1 Qxb2 9. Qc3 Qb6 10. Nh3 Bc5 11. Qb3 Bxf2 12. Nxf2 Qxf2 13. Nd2 O-O 14.
Qc3 c5 15. Ne4 Qd4+ 16. Qxd4 cxd4 17. Nd6 b6 18. Rb1 Rb8 19. Rb4 Bb7 20. Rxd4
Bc6 21. h4 f5 22. Rh3 Rf6 23. Ra3 Ra8 24. Nc4 d5 25. Ne5 Be8 26. Rb4 Bh5+ 27.
Kd2 Rff8 28. Ba6 f4 29. Bb7 Rf5 30. Bxa8 Rxe5 31. Rxf4 Re2+ 32. Kd3 Rxg2 33.
Rxa7 Bg6+ 34. Kd4 Rxc2 35. Ke5 Bf5 36. Bxd5 Rc5 37. Rxf5 1-0

[Event "CAN-op"]
[Site "Edmonton CAN"]
[Date "2005.07.11"]
[Round "4"]
[White "Nataf, Igor A"]
[Black "Lawson, Eric"]
[Result "1/2-1/2"]
[WhiteElo "2603"]
[BlackElo "2373"]
[PlyCount "91"]
[EventDate "2005.07.09"]
[EventType "swiss"]
[EventRounds "10"]
[EventCountry "CAN"]

1. e4 c5 2. Nf3 Nc6 3. d4 cxd4 4. Nxd4 Nf6 5. Nc3 e5 6. Ndb5 d6 7. Bg5 a6 8.
Na3 b5 9. Nd5 Be7 10. Bxf6 Bxf6 11. c4 b4 12. Nc2 a5 13. g3 O-O 14. Bg2 Nb8 15.
O-O Nd7 16. Qe2 Bb7 17. Rad1 Nb6 18. Nxb6 Qxb6 19. b3 Qc5 20. Rd3 Bd8 21. Rfd1
Ra6 22. Ne3 g6 23. h4 Be7 24. Qd2 Rb8 25. Nd5 Bxd5 26. Rxd5 Qc7 27. h5 Rc6 28.
Bf3 Rc5 29. Rd3 a4 30. Kg2 axb3 31. axb3 Ra5 32. Rd5 Rxd5 33. Qxd5 Qc5 34. Qxc5
dxc5 35. Rd7 Kf8 36. Bg4 Rd8 37. Ra7 gxh5 38. Bd7 h4 39. f4 hxg3 40. fxe5 Bh4
41. Kh3 h5 42. e6 fxe6 43. e5 Be7 44. Bxe6 Rd3 45. Ra8+ Rd8 46. Rxd8+ 1/2-1/2

[Event "CAN-op"]
[Site "Edmonton CAN"]
[Date "2005.07.12"]
[Round "5"]
[White "Lawson, Eric"]
[Black "Sundararajan, Kidambi"]
[Result "0-1"]
[WhiteElo "2373"]
[BlackElo "2524"]
[PlyCount "64"]
[EventDate "2005.07.09"]
[EventType "swiss"]
[EventRounds "10"]
[EventCountry "CAN"]

1. e4 c5 2. Nf3 d6 3. d4 cxd4 4. Nxd4 Nf6 5. Nc3 a6 6. Be3 e6 7. g4 h6 8. h3 b5
9. a3 Bb7 10. Bg2 Nbd7 11. Nde2 g5 12. O-O Ne5 13. b3 Be7 14. f4 gxf4 15. Rxf4
Rc8 16. Bd4 Rg8 17. Qf1 h5 18. Rd1 hxg4 19. Bxe5 gxh3 20. Bxf6 Bxf6 21. Rxf6
Qb6+ 22. Kh2 hxg2 23. Qf2 Rc5 24. Kg1 Qc7 25. Rd3 Rcg5 26. Rff3 a5 27. Rg3 Rxg3
28. Nxb5 Qd7 29. Nxd6+ Qxd6 30. Rxd6 Rh3 31. Qf6 Rh1+ 32. Kf2 Rf1+ 0-1

[Event "CAN-op"]
[Site "Edmonton CAN"]
[Date "2005.07.13"]
[Round "6.18"]
[White "Klein, Felix"]
[Black "Lawson, Eric"]
[Result "0-1"]
[WhiteElo "2123"]
[BlackElo "2373"]
[PlyCount "68"]
[EventDate "2005.07.09"]
[EventType "swiss"]
[EventRounds "10"]
[EventCountry "CAN"]

1. e4 c5 2. Nf3 Nc6 3. Nc3 Nf6 4. Bb5 g6 5. O-O Bg7 6. Re1 O-O 7. d3 Nd4 8.
Nxd4 cxd4 9. Nd5 Nxd5 10. exd5 a6 11. Bc4 b5 12. Bb3 e6 13. Bf4 Bb7 14. Be5
Bxe5 15. Rxe5 Qc7 16. Qe1 Kg7 17. a4 d6 18. Re2 e5 19. f4 f6 20. Qb4 a5 21. Qe1
Qc5 22. axb5 Qxb5 23. Bc4 Qc5 24. Ra4 Bxd5 25. fxe5 dxe5 26. Rxe5 fxe5 27.
Qxe5+ Kh6 28. Qxd5 Rae8 29. h4 Re1+ 30. Kh2 Qc7+ 31. g3 Re2+ 32. Kh3 Qc8+ 33.
g4 Re3+ 34. Kh2 Qc7+ 0-1

[Event "CAN-op"]
[Site "Edmonton CAN"]
[Date "2005.07.14"]
[Round "7"]
[White "Lawson, Eric"]
[Black "Peng, David"]
[Result "1-0"]
[WhiteElo "2373"]
[BlackElo "2120"]
[PlyCount "65"]
[EventDate "2005.07.09"]
[EventType "swiss"]
[EventRounds "10"]
[EventCountry "CAN"]

1. e4 c5 2. Nf3 e6 3. d4 cxd4 4. Nxd4 Nc6 5. Nb5 d6 6. c4 a6 7. N5c3 Nf6 8. Be2
Be7 9. O-O b6 10. Be3 Qc7 11. f4 Bb7 12. Kh1 Rc8 13. Bf3 g6 14. Nd2 Nd7 15. Rc1
Qb8 16. Qe2 Bf6 17. Nb3 O-O 18. Rfd1 Rfd8 19. a3 Nc5 20. Na1 a5 21. b3 Ba8 22.
Qe1 Ne7 23. Bf2 e5 24. Bh4 Bxh4 25. Qxh4 Rc7 26. f5 gxf5 27. Qg5+ Kf8 28. exf5
e4 29. Bg4 Nd3 30. Rxd3 exd3 31. f6 Ng6 32. Qh6+ Ke8 33. Re1+ 1-0

[Event "CAN-op"]
[Site "Edmonton CAN"]
[Date "2005.07.15"]
[Round "8.6"]
[White "Bluvshtein, Mark"]
[Black "Lawson, Eric"]
[Result "1-0"]
[WhiteElo "2529"]
[BlackElo "2373"]
[PlyCount "69"]
[EventDate "2005.07.09"]
[EventType "swiss"]
[EventRounds "10"]
[EventCountry "CAN"]

1. d4 Nf6 2. c4 e6 3. Nc3 Bb4 4. f3 Nc6 5. Bg5 h6 6. Bh4 b6 7. e4 e5 8. d5 Ne7
9. Bxf6 gxf6 10. Qd2 f5 11. a3 Bxc3 12. Qxc3 d6 13. Bd3 fxe4 14. Bxe4 f5 15.
Bc2 Ng6 16. Ne2 Qg5 17. g3 h5 18. f4 Qf6 19. O-O-O h4 20. fxe5 Nxe5 21. Nd4 Bd7
22. Rhf1 hxg3 23. hxg3 Qg5+ 24. Kb1 Rf8 25. Nb3 a5 26. c5 a4 27. cxd6 cxd6 28.
Nd4 Rf6 29. Ne6 Bxe6 30. dxe6 f4 31. gxf4 Rxf4 32. Qd2 Rg4 33. Qxd6 Qg7 34.
Rde1 Rg5 35. Rxe5 1-0

[Event "CAN-op"]
[Site "Edmonton CAN"]
[Date "2005.07.16"]
[Round "9"]
[White "Lawson, Eric"]
[Black "Neven, Knut"]
[Result "1-0"]
[WhiteElo "2373"]
[BlackElo "2233"]
[PlyCount "73"]
[EventDate "2005.07.09"]
[EventType "swiss"]
[EventRounds "10"]
[EventCountry "CAN"]

1. d4 Nf6 2. Bg5 g6 3. Bxf6 exf6 4. e3 d5 5. Nd2 Be6 6. g3 c6 7. Bg2 Bd6 8. Ne2
Qd7 9. h4 Na6 10. a3 O-O 11. Rc1 b5 12. e4 Rfe8 13. exd5 Bxd5 14. Bxd5 cxd5 15.
Nf3 Qe6 16. Qd3 Qe4 17. Qxe4 Rxe4 18. Kd2 b4 19. axb4 Rae8 20. Rhe1 Nxb4 21.
Nc3 Rxe1 22. Rxe1 Rxe1 23. Nxe1 Kf8 24. Nb5 Bb8 25. Nd3 Nxd3 26. Kxd3 Ke7 27.
c4 dxc4+ 28. Kxc4 f5 29. Kd5 a6 30. Nc3 h5 31. Kc6 Ba7 32. Nd5+ Kd8 33. Nb6 Bb8
34. Nd7 Ba7 35. Nc5 Kc8 36. f4 f6 37. Ne6 1-0

[Event "Mauricie op"]
[Site "Trois-Rivieres CAN"]
[Date "2005.03.18"]
[Round "1"]
[White "Lawson, Eric"]
[Black "Beaudoin, Stephane"]
[Result "1-0"]
[WhiteElo "2401"]
[BlackElo "2044"]
[PlyCount "59"]
[EventDate "2005.03.18"]
[EventType "swiss"]
[EventRounds "5"]
[EventCountry "CAN"]

1. d4 Nf6 2. c4 e6 3. Nf3 c5 4. d5 exd5 5. cxd5 d6 6. Nc3 g6 7. Nd2 Nbd7 8. e4
Bg7 9. Be2 O-O 10. O-O Ne5 11. f3 g5 12. Kh1 Nh5 13. g3 Bh3 14. f4 Nxg3+ 15.
hxg3 Bxf1 16. Nxf1 gxf4 17. Bxf4 Ng6 18. Be3 Qe7 19. Bf3 b5 20. Rb1 Ne5 21. Bg2
a6 22. Qh5 Nd3 23. Bh3 Be5 24. Bf5 f6 25. Nd1 Kh8 26. Qe2 c4 27. Nf2 Rg8 28.
Nxd3 cxd3 29. Qh2 Ra7 30. Bxa7 1-0

[Event "Mauricie op"]
[Site "Trois-Rivieres CAN"]
[Date "2005.03.19"]
[Round "2"]
[White "Anastasovski, Nikola"]
[Black "Lawson, Eric"]
[Result "0-1"]
[WhiteElo "2117"]
[BlackElo "2401"]
[PlyCount "126"]
[EventDate "2005.03.18"]
[EventType "swiss"]
[EventRounds "5"]
[EventCountry "CAN"]

1. c4 Nf6 2. Nc3 c5 3. e4 Nc6 4. g3 g6 5. Bg2 Bg7 6. d3 d6 7. h3 Nd7 8. Be3 Nf8
9. Nge2 Ne6 10. Qd2 h5 11. O-O Ned4 12. f4 h4 13. g4 f5 14. exf5 gxf5 15. g5
Rb8 16. Rae1 a6 17. Bf2 Kf7 18. Nxd4 cxd4 19. Ne2 e5 20. b4 Ne7 21. Kh1 Be6 22.
Bg1 b6 23. Bh2 Rc8 24. Ng1 e4 25. dxe4 Rxc4 26. Re2 Rc3 27. Rfe1 Bc4 28. Rf2
Qd7 29. e5 dxe5 30. fxe5 Rd8 31. Nf3 Be6 32. Nxh4 Ra3 33. Qe2 Rh8 34. Nf3 Rxa2
35. Qf1 Ra4 36. Qd3 Rxb4 37. h4 Ng6 38. Bg3 f4 39. Nd2 Bxe5 40. Be4 Nxh4 41.
Kg1 Qb5 42. Bxf4 Bxf4 43. Rxf4+ Kg7 44. Qg3 Rh5 45. Bf3 Rxg5 46. Bg4 Nf5 47.
Rxf5 Qxf5 48. Bxf5 Rxg3+ 49. Kf2 Bxf5 50. Kxg3 Kf6 51. Nf3 Bc2 52. Rh1 d3 53.
Rh6+ Ke7 54. Rh2 Re4 55. Nd2 Re2 56. Rxe2+ dxe2 57. Kf2 Bd1 58. Ne4 Ke6 59. Ke1
Kd5 60. Nc3+ Kd4 61. Na2 a5 62. Kd2 Bb3 63. Nc3 e1=Q+ 0-1

[Event "Mauricie op"]
[Site "Trois-Rivieres CAN"]
[Date "2005.03.20"]
[Round "5"]
[White "Lawson, Eric"]
[Black "Laptos, Kris"]
[Result "1-0"]
[WhiteElo "2401"]
[BlackElo "2254"]
[PlyCount "31"]
[EventDate "2005.03.18"]
[EventType "swiss"]
[EventRounds "5"]
[EventCountry "CAN"]

1. d4 d6 2. e4 Nf6 3. Nc3 c6 4. f4 Qa5 5. Qd3 d5 6. e5 Ne4 7. Nf3 Na6 8. Qe3
Nb4 9. Bd3 Bf5 10. Nh4 g6 11. Nxf5 gxf5 12. Bd2 e6 13. O-O Nxd3 14. Nxe4 Nb4
15. Nf6+ Kd8 16. a3 1-0

[Event "Carnaval"]
[Site "Quebec CAN"]
[Date "2005.02.18"]
[Round "1"]
[White "Lessard, Claude"]
[Black "Lawson, Eric"]
[Result "0-1"]
[WhiteElo "1964"]
[BlackElo "2395"]
[PlyCount "58"]
[EventDate "2005.02.18"]
[EventType "swiss"]
[EventRounds "5"]
[EventCountry "CAN"]

1. d4 Nf6 2. Nf3 b6 3. c4 Bb7 4. Nc3 e6 5. a3 d5 6. e3 Nbd7 7. cxd5 Nxd5 8.
Nxd5 Bxd5 9. Bd3 Be7 10. O-O O-O 11. b4 c5 12. bxc5 bxc5 13. Qc2 Bxf3 14. Bxh7+
Kh8 15. gxf3 g6 16. Bxg6 Rg8 17. Kh1 Rxg6 18. dxc5 Nxc5 19. Bb2+ Bf6 20. Rg1
Bxb2 21. Rxg6 Bxa1 22. Rh6+ Kg7 23. Rh7+ Kg8 24. Rh5 Nd7 25. Qh7+ Kf8 26. Rh4
Bf6 27. Rg4 Ke7 28. f4 Qa5 29. e4 Rh8 0-1

[Event "Carnaval"]
[Site "Quebec CAN"]
[Date "2005.02.19"]
[Round "2"]
[White "Lawson, Eric"]
[Black "Larochelle, Martial"]
[Result "1-0"]
[WhiteElo "2395"]
[BlackElo "2228"]
[PlyCount "75"]
[EventDate "2005.02.18"]
[EventType "swiss"]
[EventRounds "5"]
[EventCountry "CAN"]

1. d4 d6 2. e4 Nf6 3. Nc3 g6 4. f4 Bg7 5. Nf3 c5 6. Bb5+ Bd7 7. e5 Ng4 8. e6
fxe6 9. Ng5 Bxb5 10. Nxb5 Qa5+ 11. c3 Qxb5 12. Nxe6 Na6 13. Nxg7+ Kf7 14. Qxg4
Kxg7 15. f5 Rhf8 16. fxg6 hxg6 17. Qh4 Qd3 18. Bh6+ Kg8 19. Rd1 Qc2 20. Bxf8
Rxf8 21. Qg3 Rf6 22. Qe3 Nc7 23. Qd2 Qe4+ 24. Qe2 Qh4+ 25. g3 Qg5 26. Qd3 c4
27. Qxc4+ Re6+ 28. Kf2 Qe3+ 29. Kg2 Qe4+ 30. Kh3 Qf5+ 31. Kg2 Qe4+ 32. Kh3 g5
33. Rhe1 g4+ 34. Kh4 Qf5 35. Rf1 Qe4 36. Rde1 Qg6 37. Rxe6 Nxe6 38. Qd5 1-0

[Event "Carnaval"]
[Site "Quebec CAN"]
[Date "2005.02.19"]
[Round "3"]
[White "Lawson, Eric"]
[Black "Audet-Bouchard, Nicolas"]
[Result "1-0"]
[WhiteElo "2395"]
[BlackElo "2057"]
[PlyCount "91"]
[EventDate "2005.02.18"]
[EventType "swiss"]
[EventRounds "5"]
[EventCountry "CAN"]

1. d4 Nf6 2. Bg5 c5 3. d5 Qb6 4. Nc3 Qxb2 5. Bd2 Qb6 6. e4 d6 7. f4 e5 8. Rb1
Qd8 9. Bb5+ Nbd7 10. f5 a6 11. Bxd7+ Nxd7 12. a4 Be7 13. Nf3 g6 14. O-O gxf5
15. exf5 Nf6 16. Ng5 h6 17. Nge4 Nxe4 18. Nxe4 Bg5 19. a5 b5 20. axb6 Bb7 21.
c4 Bxd2 22. Qxd2 f6 23. Rf3 Qe7 24. Rg3 Kd7 25. Rg6 Raf8 26. Rxh6 Qg7 27. Rg6
Qh7 28. h3 Ke7 29. Rb3 Rf7 30. Rbg3 Qh5 31. Qf2 Qd1+ 32. Kh2 Qb1 33. Nxf6 Rxf6
34. Rxf6 Kxf6 35. Rg6+ Kf7 36. Qg3 Qxf5 37. Rg7+ Kf6 38. Rxb7 Qf4 39. Rd7 Rb8
40. Rxd6+ Kf5 41. Rc6 a5 42. Qxf4+ Kxf4 43. d6 Rb7 44. Rxc5 Rxb6 45. d7 Rd6 46.
Rd5 1-0

[Event "Carnaval"]
[Site "Quebec CAN"]
[Date "2005.02.20"]
[Round "5"]
[White "Lawson, Eric"]
[Black "Tremblay, Rejean"]
[Result "1-0"]
[WhiteElo "2395"]
[BlackElo "2234"]
[PlyCount "57"]
[EventDate "2005.02.18"]
[EventType "swiss"]
[EventRounds "5"]
[EventCountry "CAN"]

1. d4 Nf6 2. Bg5 c5 3. d5 Qb6 4. Nc3 Qxb2 5. Bd2 Qb6 6. e4 d6 7. f4 e6 8. Rb1
Qd8 9. Bb5+ Bd7 10. dxe6 fxe6 11. e5 dxe5 12. fxe5 Nd5 13. Qg4 Nxc3 14. Bxc3
Bxb5 15. Rxb5 Qd7 16. Rb1 Nc6 17. Rd1 Qf7 18. Nf3 Be7 19. O-O Qg6 20. Qc4 a6
21. a4 Rb8 22. Nh4 Qh6 23. Kh1 Bxh4 24. Rd6 Nd8 25. Qxc5 Nf7 26. Bd2 Qg6 27.
Qc7 O-O 28. Rd4 Nxe5 29. Rff4 1-0

[Event "World Chess Tournament"]
[Site "Montreal CAN"]
[Date "2005.01.15"]
[Round "1"]
[White "Antonio, Rogelio"]
[Black "Lawson, Eric"]
[Result "1-0"]
[WhiteElo "2524"]
[BlackElo "2373"]
[PlyCount "79"]
[EventDate "2005.01.15"]
[EventType "tourn"]
[EventRounds "9"]
[EventCountry "CAN"]

1. e4 c5 2. Nf3 Nc6 3. Bb5 g6 4. O-O Bg7 5. Bxc6 dxc6 6. h3 Nf6 7. d3 O-O 8.
Nc3 b6 9. Be3 e5 10. Qd2 Re8 11. Bh6 Bh8 12. b3 Nd7 13. Nh2 Nf8 14. Ne2 Ne6 15.
Rae1 a5 16. f4 Nxf4 17. Nxf4 exf4 18. Qxf4 Be6 19. Bg5 Qd4+ 20. Kh1 f5 21. Bh6
Be5 22. Qh4 Bf6 23. Qg3 Be5 24. Bf4 Bg7 25. Nf3 Qd7 26. Qh4 fxe4 27. dxe4 c4
28. Rd1 Qe7 29. Bg5 Qc7 30. Bf6 cxb3 31. axb3 Bf8 32. Ng5 a4 33. Be5 Qb7 34.
Rxf8+ Rxf8 35. Nxe6 axb3 36. cxb3 Rfe8 37. Qf6 Qe7 38. Qh8+ Kf7 39. Qxh7+ Kxe6
40. Qxg6+ 1-0

[Event "World Chess Tournament"]
[Site "Montreal CAN"]
[Date "2005.01.17"]
[Round "3"]
[White "Perelshteyn, Eugene"]
[Black "Lawson, Eric"]
[Result "1/2-1/2"]
[WhiteElo "2596"]
[BlackElo "2511"]
[PlyCount "73"]
[EventDate "2005.01.15"]
[EventType "tourn"]
[EventRounds "9"]
[EventCountry "CAN"]

1. e4 c5 2. Nc3 Nc6 3. f4 g6 4. Nf3 Bg7 5. Bb5 Nd4 6. O-O Nxb5 7. Nxb5 d5 8.
exd5 a6 9. Nc3 Nf6 10. d4 c4 11. Qe2 Nxd5 12. Qxc4 Be6 13. Nxd5 Bxd5 14. Qe2
Rc8 15. Rd1 Bxf3 16. Qxf3 Bxd4+ 17. Kf1 Qb6 18. Qb3 O-O 19. c3 Bc5 20. Qxb6
Bxb6 21. Ke2 Rfd8 22. Be3 Bxe3 23. Kxe3 Kg7 24. Rxd8 Rxd8 25. c4 Kf6 26. Rc1 e5
27. fxe5+ Kxe5 28. c5 f5 29. c6 b5 30. c7 Rc8 31. h4 Kd6 32. Kf4 Rxc7 33. Rxc7
Kxc7 34. Kg5 Kd6 35. Kh6 Ke5 36. Kxh7 Kf6 37. g3 1/2-1/2

[Event "World Chess Tournament"]
[Site "Montreal CAN"]
[Date "2005.01.17"]
[Round "4"]
[White "Nataf, Igor A"]
[Black "Lawson, Eric"]
[Result "1-0"]
[WhiteElo "2565"]
[BlackElo "2373"]
[PlyCount "75"]
[EventDate "2005.01.15"]
[EventType "tourn"]
[EventRounds "9"]
[EventCountry "CAN"]

1. e4 c5 2. Nf3 Nc6 3. d4 cxd4 4. Nxd4 Nf6 5. Nc3 e5 6. Nb3 d6 7. Bg5 Be7 8.
Qd2 h6 9. Bxf6 Bxf6 10. Rd1 Be7 11. Nd5 Be6 12. Be2 Rc8 13. O-O O-O 14. c3 Bg5
15. Qd3 Ne7 16. Ne3 Bxe3 17. Qxe3 a6 18. Rd2 Qc7 19. Rfd1 Rfd8 20. Qg3 b5 21.
Bg4 Bxg4 22. Qxg4 Qb6 23. Rd3 Kh7 24. Rf3 f5 25. exf5 Rc4 26. Qh5 Rf8 27. f6
gxf6 28. Nd2 Rc6 29. Rh3 Kg7 30. Ne4 d5 31. Rxd5 f5 32. Rd7 Rf7 33. Ng5 Rg6 34.
Nxf7 Qc6 35. Qxg6+ Qxg6 36. Rg3 Qxg3 37. hxg3 Kxf7 38. Ra7 1-0

[Event "World Chess Tournament"]
[Site "Montreal CAN"]
[Date "2005.01.19"]
[Round "7"]
[White "Lawson, Eric"]
[Black "Fedorowicz, John"]
[Result "1/2-1/2"]
[WhiteElo "2373"]
[BlackElo "2507"]
[PlyCount "28"]
[EventDate "2005.01.15"]
[EventType "tourn"]
[EventRounds "9"]
[EventCountry "CAN"]

1. e4 c5 2. Nf3 d6 3. d4 cxd4 4. Nxd4 Nf6 5. Nc3 Nc6 6. Bc4 Qb6 7. Nxc6 bxc6 8.
O-O g6 9. Qe1 Nd7 10. b3 Bg7 11. Bb2 Qa5 12. f4 O-O 13. Kh1 Bb7 14. Rd1 Rae8
1/2-1/2

[Event "World Chess Tournament"]
[Site "Montreal CAN"]
[Date "2005.01.20"]
[Round "8"]
[White "Hauchard, Arnaud"]
[Black "Lawson, Eric"]
[Result "1-0"]
[WhiteElo "2487"]
[BlackElo "2373"]
[PlyCount "107"]
[EventDate "2005.01.15"]
[EventType "tourn"]
[EventRounds "9"]
[EventCountry "CAN"]

1. c4 Nf6 2. Nc3 e6 3. e4 c5 4. Nf3 d6 5. d4 cxd4 6. Nxd4 a6 7. Be2 Be7 8. Be3
Qc7 9. O-O Nbd7 10. f3 b6 11. Qd2 Bb7 12. Rac1 O-O 13. Kh1 Rad8 14. Rfd1 Qb8
15. Bf1 Rfe8 16. Qf2 Rc8 17. Rc2 Bd8 18. Rdc1 Kh8 19. Nce2 Rg8 20. Ng3 g5 21.
Be2 Rg6 22. b4 Bc7 23. Nb3 Rcg8 24. Nd2 Rh6 25. Kg1 Rh4 26. Ngf1 Rh5 27. Ng3
Rh4 28. Ngf1 Rh5 29. Ng3 Rh6 30. Bd4 Rgg6 31. Ndf1 Kg8 32. Ne3 Rh4 33. Ngf1
Bxe4 34. fxe4 Nxe4 35. Qe1 f5 36. Bb2 Rgh6 37. Nd5 exd5 38. cxd5 Ndc5 39. g3
Rh3 40. bxc5 dxc5 41. d6 Bxd6 42. Bc4+ Kf8 43. Rg2 Be5 44. Qe2 g4 45. Bd5 Qd6
46. Bxe4 Bxb2 47. Qxb2 fxe4 48. Rf2+ Kg8 49. Qe2 Qe6 50. Rf4 e3 51. Qxg4+ Rg6
52. Qf3 Qxa2 53. Qa8+ Kg7 54. Qf8# 1-0

[Event "CCA/ICC"]
[Site "Stratton Mt USA"]
[Date "2004.06.09"]
[Round "3"]
[White "Donaldson, John"]
[Black "Lawson, Eric"]
[Result "1/2-1/2"]
[WhiteElo "2459"]
[BlackElo "2276"]
[PlyCount "44"]
[EventDate "2004.06.08"]
[EventType "swiss"]
[EventRounds "10"]
[EventCountry "USA"]
[Source "Mark Crowther"]
[SourceDate "2004.06.21"]

1. Nf3 Nf6 2. c4 b6 3. g3 Bb7 4. Bg2 c5 5. O-O e6 6. Nc3 Be7 7. d4 cxd4 8. Qxd4
O-O 9. Rd1 Nc6 10. Qf4 Qb8 11. b3 Rd8 12. Bb2 d6 13. Ng5 Ne5 14. Bxb7 Qxb7 15.
Nce4 Nxe4 16. Qxe4 Qxe4 17. Nxe4 f5 18. Nc3 Kf7 19. Rd2 a6 20. Rad1 Nd7 21. e4
g6 22. f4 Nc5 1/2-1/2

[Event "CCA/ICC"]
[Site "Stratton Mt USA"]
[Date "2004.06.11"]
[Round "6"]
[White "Lawson, Eric"]
[Black "Winer, Steven"]
[Result "1/2-1/2"]
[WhiteElo "2276"]
[BlackElo "2335"]
[PlyCount "78"]
[EventDate "2004.06.08"]
[EventType "swiss"]
[EventRounds "10"]
[EventCountry "USA"]
[Source "Mark Crowther"]
[SourceDate "2004.06.21"]

1. d4 d5 2. Bg5 h6 3. Bh4 c6 4. Nf3 Qb6 5. Qc1 g5 6. Bg3 g4 7. Ne5 Qxd4 8. c4
Nd7 9. e3 Qb6 10. cxd5 Nxe5 11. Bxe5 f6 12. Bg3 cxd5 13. Nc3 e5 14. Nxd5 Qa5+
15. Qd2 Qxd2+ 16. Kxd2 Kf7 17. Bd3 Bd7 18. Ke2 Ne7 19. Nc3 h5 20. f3 h4 21. Bf2
Rc8 22. Rhd1 Be6 23. Rac1 h3 24. gxh3 Rxh3 25. Bg3 Bh6 26. Nb5 Rxc1 27. Nd6+
Kf8 28. Rxc1 Nd5 29. Nf5 Bxf5 30. Bxf5 Nxe3 31. Rc8+ Ke7 32. Bxg4 Nxg4 33. fxg4
Bf4 34. Bxf4 exf4 35. Rc7+ Kd6 36. Rxb7 Ke5 37. Rxa7 Rxh2+ 38. Kf3 Rh3+ 39. Kf2
Rh2+ 1/2-1/2

[Event "CCA/ICC"]
[Site "Stratton Mt USA"]
[Date "2004.06.12"]
[Round "7"]
[White "Betaneli, Aleksandr"]
[Black "Lawson, Eric"]
[Result "1-0"]
[WhiteElo "2228"]
[BlackElo "2276"]
[PlyCount "81"]
[EventDate "2004.06.08"]
[EventType "swiss"]
[EventRounds "10"]
[EventCountry "USA"]
[Source "Mark Crowther"]
[SourceDate "2004.06.21"]

1. c4 b6 2. Nc3 Bb7 3. e4 e6 4. Nf3 Bb4 5. d3 Ne7 6. Qb3 c5 7. a3 Ba5 8. Be2 d5
9. exd5 exd5 10. O-O Bxc3 11. Qxc3 d4 12. Qd2 Ng6 13. h4 Nxh4 14. Qf4 Ng6 15.
Qg3 h6 16. Ne5 Qh4 17. Nxg6 Qxg3 18. fxg3 fxg6 19. Bg4 Rf8 20. Re1+ Kd8 21. Bf4
Nd7 22. Bd6 Rf7 23. Re2 Bc6 24. b4 cxb4 25. axb4 a6 26. Rae1 Nf6 27. Be6 Rfa7
28. Be5 a5 29. b5 Bd7 30. Bxd4 Kc7 31. Bxd7 Nxd7 32. Re7 a4 33. R1e6 Kd8 34.
Re8+ Kc7 35. Rc6+ Kb7 36. Re7 Rd8 37. Bxb6 a3 38. Bxd8 a2 39. Rxd7+ Kb8 40.
Rxa7 Kxa7 41. Ra6+ 1-0

[Event "Quebec-ch classe"]
[Site "Repentigny CAN"]
[Date "2003.11.21"]
[Round "1"]
[White "Trottier, Yves"]
[Black "Lawson, Eric"]
[Result "0-1"]
[WhiteElo "2038"]
[BlackElo "2355"]
[PlyCount "94"]
[EventDate "2003.11.21"]
[EventType "swiss"]
[EventRounds "5"]
[EventCountry "CAN"]

1. e4 c5 2. Nc3 Nc6 3. g3 g6 4. Bg2 Bg7 5. d3 d6 6. f4 e6 7. Nf3 Nge7 8. O-O
O-O 9. Be3 Rb8 10. e5 b6 11. exd6 Qxd6 12. Ne4 Qc7 13. c3 Ba6 14. Qc2 Rbd8 15.
Rfd1 Rd7 16. d4 cxd4 17. cxd4 Nf5 18. Bf2 Ncxd4 19. Qxc7 Nxf3+ 20. Bxf3 Rxc7
21. Rd2 Rfc8 22. Rad1 Rc1 23. g4 Ne7 24. Nc3 Rxd1+ 25. Rxd1 Bxc3 26. bxc3 Bb5
27. Bh4 Kf8 28. Bf6 Ke8 29. Kf2 Bc6 30. Be2 Nd5 31. Be5 Ba4 32. Rd3 f6 33. c4
fxe5 34. cxd5 Bb5 35. Re3 Rc2 36. Rxe5 Rxe2+ 37. Rxe2 Bxe2 38. Kxe2 exd5 39.
Kd3 Ke7 40. Kd4 Ke6 41. a4 a6 42. Ke3 Kd6 43. Kd4 b5 44. axb5 axb5 45. Kc3 Kc5
46. h4 Kd6 47. Kb4 d4 0-1

[Event "Quebec-ch classe"]
[Site "Repentigny CAN"]
[Date "2003.11.22"]
[Round "2"]
[White "Lawson, Eric"]
[Black "Prahov, Valentin"]
[Result "1/2-1/2"]
[WhiteElo "2355"]
[BlackElo "2207"]
[PlyCount "105"]
[EventDate "2003.11.21"]
[EventType "swiss"]
[EventRounds "5"]
[EventCountry "CAN"]

1. d4 Nf6 2. Bg5 g6 3. Bxf6 exf6 4. e3 Bg7 5. g3 d6 6. Bg2 O-O 7. c4 c5 8. Ne2
Nc6 9. Nbc3 Bg4 10. Qd2 Bxe2 11. Nxe2 f5 12. O-O cxd4 13. exd4 Qb6 14. Rfd1
Rfe8 15. Kf1 Re7 16. Rac1 Rae8 17. Bf3 h5 18. Rc3 a6 19. Rd3 Kh7 20. a3 Qd8 21.
h4 Bh6 22. Nf4 Qc8 23. Qc3 Bxf4 24. gxf4 Qd8 25. Kg2 Rc7 26. Kh3 Ne7 27. b4 Ng8
28. c5 Nf6 29. d5 Ne4 30. Bxe4 fxe4 31. Rg3 dxc5 32. d6 Rc6 33. Rd5 f6 34. bxc5
b6 35. f5 g5 36. hxg5 fxg5 37. f6 Rxc5 38. Rxc5 g4+ 39. Kh4 bxc5 40. Kxh5 Qxd6
41. Kxg4 Rg8+ 42. Kf5 Rxg3 43. fxg3 Qd5+ 44. Kf4 Kg6 45. g4 Qg5+ 46. Kxe4 Qxg4+
47. Kd5 Qf5+ 48. Qe5 Qxe5+ 49. Kxe5 Kf7 50. a4 a5 51. Kd5 Kxf6 52. Kxc5 Ke7 53.
Kb6 1/2-1/2